| 000 | 00404nam a22001697a 4500 | ||
|---|---|---|---|
| 005 | 20180323115616.0 | ||
| 008 | 160511b xxu||||| |||| 00| 0 eng d | ||
| 020 | _a1403922322 | ||
| 041 | _aeng | ||
| 082 |
_b1308 _a338.5024658 |
||
| 100 |
_aPal Sumitra _94225 |
||
| 245 | _aManagerial Economics | ||
| 260 |
_bMc Millan India Pvt. Ltd. _c2004 |
||
| 300 | _a315 | ||
| 650 |
_aManagement _9241 |
||
| 942 | _cBK | ||
| 999 |
_c571 _d571 |
||